名古屋市営地下鉄 行先 - Statistics

General Stats
  • This quiz has been taken 6 times
  • The average score is 28 of 30
Answer Stats
Hint Answer % Correct
東山線 高畑
100%
星ヶ丘
100%
藤が丘
100%
名城線 金山
100%
大曽根
100%
ナゴヤドーム前矢田
100%
名古屋大学
100%
瑞穂運動場東
100%
新瑞橋
100%
名港線 金山
100%
名古屋港
100%
大曽根
100%
ナゴヤドーム前矢田
100%
鶴舞線 上小田井
100%
八事
100%
赤池
100%
犬山
100%
岩倉
100%
豊田市
100%
桜通線 太閤通
100%
徳重
100%
上飯田線 上飯田
100%
平安通
100%
犬山
100%
小牧
100%
今池
80%
野並
80%
岩塚
60%
浄心
60%
扶桑
40%
No matching quizzes found
Score Distribution
Percent of People with Each Score
Percentile by Number Answered
Your Score History
You have not taken this quiz